Statistics for Top 10 Countries with the Most in the 23-24 La Liga

Click here to take the quiz!

General Stats

  • This quiz has been taken 30 times
  • The average score is 8 of 10

Answer Stats

#Country% Correct
27Argentina
100%
17France
100%
294Spain
100%
13Portugal
96%
16Brazil
92%
5Colombia
69%
8Morocco
69%
14Uruguay
69%
7Belgium
54%
10Serbia
35%

Score Distribution

Percentile by Number Answered

Percent of People with Each Score

Your Score History

You have not taken this quiz